000 00701nam a2200289Ia 4500
005 20260324150952.0
008 008 260324s9999 xx 000 0 eng d
020 _a9780429287978
037 _aEBOOK
040 _aCRL
040 _beng
040 _cCRL
041 _2eng
041 _aeng
084 _qCRL
100 _aRomain Rolland; Catherine D. Groth
_91228262
245 0 _aMahatma Gandhi
245 4 _bThe Man who Became One with the Universal Being
260 _bTaylor and Francis
260 _c1924
365 _a
365 _b150
856 _uhttp://www.taylorfrancis.com/books/9780429287978
942 _cEBOOK
999 _c1838599
_d1838599